| 000 | 00490nam a2200193Ia 4500 | ||
|---|---|---|---|
| 005 | 20240701010306.0 | ||
| 008 | 240331s9999 xx 000 0 und d | ||
| 020 | _a0852264771 | ||
| 082 |
_bKOT _a001.42 |
||
| 100 | _aKothari, C.R | ||
| 245 | 0 |
_aResearch Methodology : _bMethods & Techniques |
|
| 250 | _a2 nd | ||
| 260 |
_aNew Delhi _bWiley Eastern Limited _c1990 |
||
| 300 | _axii, 468 p ., | ||
| 650 | _aSocial Science | ||
| 650 | _aEconomic | ||
| 650 | _aMethodology | ||
| 942 | _cL | ||
| 999 |
_c5835 _d5835 |
||